Treble-Winning Players By Photo #1 - Statistics

General Stats
  • This quiz has been taken 18 times
  • The average score is 25 of 32
Answer Stats
Picture Answer % Correct
Erling Haaland
100%
Jack Grealish
100%
Kevin de Bruyne
100%
Lionel Messi
100%
Manuel Neuer
100%
Neymar
100%
Robert Lewandowski
100%
Andrés Iniesta
94%
Arjen Robben
94%
Dani Alves
94%
David Alaba
94%
Ilkay Gündogan
94%
Thierry Henry
94%
Thomas Müller
94%
Toni Kroos
94%
Franck Ribéry
88%
David Beckham
81%
Javier Mascherano
81%
Johan Kruyff
81%
Paul Scholes
81%
Ryan Giggs
81%
Roy Keane
75%
Wesley Sneijder
75%
Yaya Touré
75%
Serge Gnabry
69%
Diego Milito
63%
Ronald Koeman
56%
Bojan Krkic
50%
Romário
44%
Marko Arnautovic
31%
Thiago Motta
31%
Ivan Nielsen
0%
No matching quizzes found
Score Distribution
Percent of People with Each Score
Percentile by Number Answered
Your Score History
You have not taken this quiz